000 00837nam a2200277 i 4500
001 000014100
003 DO-SdBNP
005 20250321104259.0
007 ta
008 091204s1986 sp 000 f spa d
040 _aDO-SdBNP
_bspa
_cBNPHU
_erda
041 _aspa
082 4 _aPR863.44
_bM538i
100 1 _aMéndez Ballester, Manuel,
_eautor
_4aut.
_925527
245 1 0 _aIsla cerrada /
_cManual Méndez Ballester.
264 _aBarcelona :
_bEdiciones RVBOS
_c1986.
300 _a285 páginas ;
_c19 cm.
336 _atexto
_btxt
_2rdacontent
337 _asin mediación
_bn
_2rdamedia
338 _avolumen
_bnc
_2rdacarrier
590 _aInventariado 2023 / MFF
650 4 _aNovela puertorriqueña
_91185
650 4 _aLiteratura puertorriqueña
_9250
910 _aValidado. Control de calidad MFF
942 _2ddc
_cLBS1
999 _c13702
_d13702